01592nam a2200373 a 4500008004100000041000800041092002600049100003100075245010300106250001100209260006100220300001000281500016500291653002400456653004500480653002700525653003900552653003700591653003400628653001800662653003100680653003900711653002200750653002800772653001100800653001500811653005300826653002400879653003600903653008800939942001201027999001501039952016401054141204s1990 sp a|||| |||| 000 0 spa d aspa c616.025083l39sIÑO1 aIñón, Alberto E.93686 aNormas de atención prehospital del paciente pediátrico politraumatizado /cAlberto E. Iñón a1a ed. aBuenos Aires:bSociedad Argentina de Pediatría;c1990. a88 p. aIñón, A. E. (1990). Normas de atención prehospital del paciente pediátrico politraumatizado. (1a ed.). Buenos Aires : Sociedad Argentina de Pediatría. aLugar del accidente aIndice de tratamiento pediátrico (ITP) aAtención prehospital aEvaluación y tratamiento inicial aVía aérea y columna cervical aRespiración y ventilación aCirculación aEvaluación reurológica aM.E.N. (Mini Examen Neurológico) aLesiones termicas aEvaluación secundaria aTriage aTransporte aApendice I: medicamentos y equipos de transporte aApendice II: tablas aApendice III: datos a registrar aApendice IV: asfixia por cuerpo extraño y maniobras elementales de resucitación 2ddccBK c2127d2127 00102ddc4070aBFMbBFMcCRd2014-12-04eDonación Diciembre 2014l0o616.025083 39 IÑOp3424r2014-12-04tEj.1w2014-12-04yBKzDonación Diciembre 2014